Hlboké korene tolerancie : Generálny konzulát pomôže rozvoju regionálnych vzťahov

Podrobná bibliografia
Hlavní autori: Gladiš, Márian (Author), Iván, František (Author)
Médium: Článok
Jazyk:Slovak
Témy:
Zdroj: 1. Košický večer 1. Roč. 11 (32), č. 53(2000), dát. 0316, s. 1
LEADER 00891nab#a2200301#ar4500
001 000043813
003 SVKKK
005 00000000000000.0
008 c xo e sloo
FMT
038 |a SVKKK 
040 |a SVKKK  |b slo  |e AACR2 
041 0 |a slo 
044 |a xo  |c SK 
080 |a 394.91  |2 1981 
100 1 |a Gladiš, Márian  |4 aut 
245 1 0 |a Hlboké korene tolerancie :  |b Generálny konzulát pomôže rozvoju regionálnych vzťahov  |c Gladiš Márian, , Iván František 
300 |b Fotogr. 1 
650 0 4 |a Euroregión Košice- Miskolc  |x návšteva zahraničná  |z Košice  |x vzťahy slovensko-maďarské  |x informácie 
700 1 |a Iván, František  |4 aut 
773 0 |t Košický večer  |g Roč. 11 (32), č. 53(2000), dát. 0316, s. 1 
957 |a Košice 
958 |a KE 
974 |d 000626  |a Mi 
992 |a RBX 
BAS
852 |a SVKKK  |b BIB 
998 |a REG